|
|
|
|
| LEADER |
00000nam0a2200000 4500 |
| 001 |
360953 |
| 005 |
20231102011335.0 |
| 035 |
|
|
|a (RuTPU)RU\TPU\retro\18279
|
| 090 |
|
|
|a 360953
|
| 100 |
|
|
|a 20210519d1973 km y0rusy50 ca
|
| 101 |
0 |
|
|a rus
|
| 102 |
|
|
|a RU
|
| 105 |
|
|
|a a z 001zy
|
| 200 |
1 |
|
|a Ограждающие конструкции из ячеистого бетона переменной плотности
|f Б. П. Данилов, А. А. Богданов
|g под ред. М. Н. Кузнецовой
|
| 210 |
|
|
|a Москва
|c Стройиздат
|d 1973
|
| 215 |
|
|
|a 102 с.
|c ил.
|
| 320 |
|
|
|a Библиогр.: с. 97-101
|
| 606 |
1 |
|
|a Ограждающие конструкции из ячеистого бетона
|2 stltpush
|3 (RuTPU)RU\TPU\subj\35698
|9 57330
|
| 610 |
1 |
|
|a плотность
|
| 610 |
1 |
|
|a изготовление
|
| 610 |
1 |
|
|a технология
|
| 610 |
1 |
|
|a ячеистые бетоны
|
| 610 |
1 |
|
|a уплотнение
|
| 610 |
1 |
|
|a стеновые панели
|
| 610 |
1 |
|
|a плиты
|
| 610 |
1 |
|
|a переменная структура
|
| 675 |
|
|
|a 666.973.6
|v 4
|
| 700 |
|
1 |
|a Данилов
|b Б. П.
|g Богдан Павлович
|
| 701 |
|
1 |
|a Богданов
|b А. А.
|g Анатолий Алексеевич
|
| 702 |
|
1 |
|a Кузнецова
|b М. Н.
|4 340
|
| 801 |
|
1 |
|a RU
|b 63413507
|c 20210519
|
| 801 |
|
2 |
|a RU
|b 63413507
|c 20210914
|g RCR
|
| 942 |
|
|
|c BK
|